Welcome to University of Cape Coast Library, Online Public Access Catalogue (OPAC)

Highway slaughter. Bodies of 35 dismembered (Record no. 45144)

MARC details
000 -LEADER
fixed length control field 00331 a2200109 4500
100 ## - MAIN ENTRY--AUTHOR NAME
Personal name FRIMPONG, Enoch Darfah
245 ## - TITLE STATEMENT
Title Highway slaughter. Bodies of 35 dismembered
300 ## - PHYSICAL DESCRIPTION
Number of Pages Saturday June 3, 2023 Page 09.
650 ## - SUBJECT ADDED ENTRY--TOPICAL TERM
Topical Term Road Accident
773 0# - HOST ITEM ENTRY
International Standard Serial Number 0855-1529
Title Daily Graphic
Place, publisher, and date of publication Accra Daily Graphic 2023
942 ## - ADDED ENTRY ELEMENTS (KOHA)
Koha item type Periodicals
Holdings
Not for loan Collection code Home library Current library Date acquired Copy number Koha item type
Not For Loan Periodical Library Periodicals Library Periodicals Library 07/10/2023 1 Periodicals
Koha©2022 UCC.All Right Reserved.Site Developed by Sam Jonah Library IT Team
<Home | Contact | Library publications |Research Tools | Research Guides |https://ucclivechat.library-gh.net/index.php/chat

If you have questions or concern please contact the Library.



PMB, University of Cape Coast

KOHA HOME